000 01174nam0a22002891 4500
001 rc\4467817
005 20250514153432.0
021 _aRU
_b[58-16386]
035 _a(NLR Aleph) 008594614
090 _a8665283
_c8665283
100 _a20130416d1957 |||y0rusy50 ca
101 0 _arus
_aeng
102 _aRU
105 _ay ce |||||
200 1 _aАнгло-русский социально-экономический словарь-минимум
_eНа 900 слов с прил. списка сокращений и указанием произношения
_eДля студентов III курса
_fМ-во высш. образования СССР. Всесоюз. заоч. экон. ин-т
210 _aМосква
_cБ. и.
_d1957
215 _a25 с.
_d21
606 _aСоциально-экономические науки
_xТерминология
_2psbo
608 _aАнгло-русские словари
_2psbo
700 1 _aВарсегова
_bЮ. С.
701 1 _aГонор
_bР. М.
801 0 _aRU
_bNLR
_gpsbo
801 1 _aRU
_bELAR
_2rusmarc
852 _aNLR
_j186анг-рус/эк.В-18
942 _cBOOK
980 _aNB